Countries By Biggest Island - Statistics

General Stats
  • This quiz has been taken 34 times
  • The average score is 18 of 25
Answer Stats
Area Island Country % Correct
65,022km2 Tasmania Australia
100%
2,130,800km2 Greenland Denmark
100%
8350km2 Crete Greece
100%
443,066km2 Sumatra Indonesia
100%
25,662km2 Sicily Italy
100%
209,331km2 Great Britain United Kingdom
100%
10,434km2 Hawaii United States
100%
507,451km2 Baffin Island Canada
97%
225,800km2 Honshu Japan
97%
109,965km2 Luzon Philippines
94%
33,210km2 Hainan China
91%
145,836km2 South Island New Zealand
91%
38,981km2 Spitsbergen Norway
91%
3667km2 Majorca Spain
91%
72,493km2 Sakhalin Russia
76%
40,100km2 Marajó Brazil
55%
35,145km2 New Britain Papua New Guinea
52%
3607km2 Socotra Yemen
52%
5353km2 Guadalcanal Solomon Islands
48%
8478km2 Chiloé Chile
45%
16,372km2 Grande Terre France
45%
10,388km2 Viti Levu Fiji
36%
4711km2 Isabela Island Ecuador
24%
3439km2 North Andros Island Bahamas
18%
3956km2 Espiritu Santo Vanuatu
12%
No matching quizzes found
Score Distribution
Percent of People with Each Score
Percentile by Number Answered
Your Score History
You have not taken this quiz